000 00359nam a2200133Ia 4500
008 220217s9999||||xx |||||||||||||| ||und||
020 _a978-81-317-1849-0
082 _a004.65 BUR
100 _aBurke, Richard, J
245 0 _aNetwork management
260 _aPearson education of asia
_bNew Delhi
_c2009
300 _b550
650 _aCOMPUTER NETWORK
999 _c180015
_d180015